|
|
|
|
| LEADER |
01082nam a2200301 a 4500 |
| 001 |
16044975 |
| 008 |
120427s2011 maua b 001 0 eng |
| 010 |
|
|
|a 2009053058
|
| 020 |
|
|
|a 9788131762165
|
| 020 |
|
|
|a 9780137035151
|
| 020 |
|
|
|a 0137035152
|
| 020 |
|
|
|a 0137053460
|
| 020 |
|
|
|a 9780137053469
|
| 040 |
|
|
|a DLC
|c DLC
|d BTCTA
|d YDXCP
|d C#P
|d BWX
|d DEBBG
|d VP@
|d DLC
|d BD-DhAAL
|
| 050 |
0 |
0 |
|a QA76.758
|b .S657 2011
|
| 082 |
0 |
0 |
|a 005.1
|2 22
|
| 100 |
1 |
|
|a Sommerville, Ian,
|d 1951-
|
| 245 |
1 |
0 |
|a Software engineering /
|c Ian Sommerville.
|
| 250 |
|
|
|a 9th ed.
|
| 260 |
|
|
|a Boston ;
|a New Delhi :
|b Pearson,
|c c2011.
|
| 300 |
|
|
|a xv, 773 p. :
|b ill. ;
|c 24 cm.
|
| 504 |
|
|
|a Includes bibliographical references and indexes.
|
| 541 |
|
|
|e 00025036
|
| 650 |
|
0 |
|a Software engineering.
|
| 852 |
1 |
|
|a Ayesha Abed Library
|c General shelf.
|
| 942 |
0 |
0 |
|0 1
|
| 999 |
|
|
|c 12116
|d 12116
|
| 952 |
|
|
|0 0
|1 4
|2 ddc
|4 0
|6 005_100000000000000_SOM
|7 0
|9 20100
|a BRACUL
|b BRACUL
|c GEN
|d 2012-04-26
|e Parama Publishers
|g 690.00
|l 12
|m 117
|o 005.1 SOM
|p 3010025036
|r 2019-01-07
|s 2018-09-23
|t 1
|w 2012-04-27
|y BK
|x Koha Inventory 2020
|